000 00560cam a2200217 i 4500
001 18328689
005 20240325075341.0
008 141008s2015 enk b 001 0 eng
020 _a0415128080
020 _a0415128099
040 _aDLC
_beng
_cDLC
_erda
_dDLC
082 0 0 _a325.3
_223
_bCOL.
100 1 _aLoomba, Ania.
245 1 0 _aColonialism/postcolonialism /
_cAnia Loomba.
250 _aThird edition.
260 _aLondon :
_bRoutledge /
_c1998.
300 _a289 pages ;
490 0 _aNew critical idiom
650 0 _aPostcolonialism.
942 _cL
999 _c611
_d611